Une breve histoire de l'avenir / (Record no. 111712)

MARC details
000 -LEADER
campo de control de longitud fija 00885cam a2200313Mi 4500
001 - NÚMERO DE CONTROL
campo de control 86911
005 - FECHA Y HORA DE LA ÚLTIMA TRANSACCIÓN
campo de control 20230411090045.0
008 - DATOS DE LONGITUD FIJA--INFORMACIÓN GENERAL
campo de control de longitud fija 080513r20082006fr 000 0 fre d
035 ## - NÚMERO DE CONTROL DEL SISTEMA
Número de control de sistema (OCoLC)ocn230863749
040 ## - FUENTE DE CATALOGACIÓN
Centro catalogador/agencia de origen TZT
Centro/agencia transcriptor TZT
Centro/agencia modificador BTCTA
020 ## - NÚMERO INTERNACIONAL ESTÁNDAR DEL LIBRO
Número Internacional Estándar del Libro 9782253122203
020 ## - NÚMERO INTERNACIONAL ESTÁNDAR DEL LIBRO
Número Internacional Estándar del Libro 2253122203
029 0# - OTRO NÚMERO DE CONTROL DE SISTEMA (OCLC)
Identificador de la biblioteca OCLC TZT
Número de control de sistema JTL00224822
035 ## - NÚMERO DE CONTROL DEL SISTEMA
Número de control de sistema (OCoLC)230863749
072 #7 - CÓDIGO DE CATEGORÍA DE MATERIA
Código de categoría de materia H
Fuente lcco
082 14 - NÚMERO DE LA CLASIFICACIÓN DECIMAL DEWEY
Número de clasificación 300
Número de edición 1
049 ## - FONDOS LOCALES (OCLC)
Biblioteca depositaria GRAL
100 1# - ENTRADA PRINCIPAL--NOMBRE DE PERSONA
Nombre de persona Attali, Jacques.
245 10 - MENCIÓN DEL TÍTULO
Título Une breve histoire de l'avenir /
Mención de responsabilidad, etc. Jacques Attali.
260 ## - PUBLICACIÓN, DISTRIBUCIÓN, ETC.
Lugar de publicación, distribución, etc. Paris :
Nombre del editor, distribuidor, etc. Librairie Artheme Fayard,
Fecha de publicación, distribución, etc. 2006.
300 ## - DESCRIPCIÓN FÍSICA
Extensión 312 p.
440 #3 - MENCIÓN DE SERIE/PUNTO DE ACCESO ADICIONAL--TÍTULO
Título Le livre de poche ;
Designación de volumen o secuencia 30985
653 ## - TÉRMINO DE INDIZACIÓN--NO CONTROLADO
Término no controlado Next fifty years
-- Forecast
-- Essay
938 ## -
-- Jean Touzot Libraire Editeur
-- TOUZ
-- JTL00224822
-- 6,50 EUR
938 ## -
-- Baker and Taylor
-- BTCP
-- BK0008394260
942 ## - ELEMENTOS DE ENTRADA SECUNDARIOS (KOHA)
Fuente del sistema de clasificación o colocación Clasificación de Library of Congress
Tipo de ítem Koha
994 ## -
-- C0
-- DRFGD
946 ## - PROCESAMIENTO DE INFORMACIÓN LOCAL (OCLC)
a JP
Holdings
Estatus retirado Estado de pérdida Fuente del sistema de clasificación o colocación Estado de daño No para préstamo Colección Biblioteca de origen Biblioteca actual Ubicación en estantería Fecha de adquisición Código de barras Visto por última vez Copia número Tipo de ítem Koha
    Clasificación de Library of Congress     Automatización y Procesos Técnicos Biblioteca Juan Bosch Biblioteca Juan Bosch Automatización y Procesos Técnicos (1er. Piso) 11/04/2023 00000075821 17/02/2019 1